| 000 | 00439 a2200157 4500 | ||
|---|---|---|---|
| 020 | _a0826459277 | ||
| 082 | _a005.133 | ||
| 090 |
_c2008 _d2008 |
||
| 100 | _aLewis, Stuart F. | ||
| 245 |
_aJava: A Complete Course _cStuart F Lewis |
||
| 260 |
_aNew York : _bCENGAGE Lrng Business Press _c2002 |
||
| 300 |
_aix, 342 p. : _bill. _c24 cm. |
||
| 500 | _aIncludes Index | ||
| 650 | _aJava (Computer program language) | ||
| 942 |
_cBK _k005.133/J LEW |
||
| 999 |
_c5946 _d5946 |
||